000
00237nam a2200097Ia 4500
005
20250424112822.0
008
250424s9999 xx 000 0 und d
300
_a
iii, 253 p. ; 20 cm.
650
_a
Law. Law reviews. Nigeria.
942
_c
SR
999
_c
37310
_d
37310